Erfolgreichste Trainer in der Bundesliga (Punkteschnitt) - Statistiken

Allgemein
  • Dieses Quiz wurde 211 mal gespielt
    84 seit der letzten Aktualisierung
  • Das Durchschnittsergebnis liegt bei 17 aus 33
Antwortstatistiken
Spiele ppS Debüt Nation Trainer % Korrekt
102 2,52 2013 Spanien Pep Guardiola
93%
94 2,17 2022 Spanien Xabi Alonso
92%
34 2,41 2024 Belgien Vincent Kompany
89%
40 2,38 2016 Italien Carlo Ancelotti
88%
340 1,68 2008 Deutschland Jürgen Klopp
88%
58 2,45 2019 Deutschland Hansi Flick
85%
668 1,78 1979 Deutschland Jupp Heynckes
81%
281 1,68 2009 Deutschland Thomas Tuchel
80%
63 1,94 2009 Niederlande Louis van Gaal
78%
243 1,86 2016 Deutschland Julian Nagelsmann
73%
122 1,82 1994 Italien Giovanni Trapattoni
68%
307 1,70 2007 Schweiz Lucien Favre
65%
460 1,98 1991 Deutschland Ottmar Hitzfeld
62%
17 1,88 1994 Deutschland Franz Beckenbauer
55%
522 1,87 1970 Deutschland Udo Lattek
55%
191 1,83 2019 Deutschland Marco Rose
50%
837 1,65 1974 Deutschland Otto Rehhagel
49%
92 1,73 2017 Niederlande Peter Bosz
49%
91 1,97 2020 Deutschland Edin Terzic
46%
29 1,66 2012 Finnland Sami Hyypiä
45%
38 1,74 2008 Deutschland Jürgen Klinsmann
41%
204 1,86 1981 Österreich Ernst Happel
35%
68 1,66 1996 Deutschland Joachim Löw
35%
470 1,73 1964 Deutschland Hennes Weisweiler
32%
426 1,71 1986 Deutschland Christoph Daum
27%
200 1,75 1978 Ungarn Pál Csernai
24%
34 1,79 2008 Niederlande Martin Jol
22%
170 1,76 2000 Deutschland Matthias Sammer
22%
87 1,69 2014 Deutschland Roger Schmidt
22%
45 2,04 2012 Deutschland Sascha Lewandowski
12%
66 1,67 2010 Deutschland Jens Keller
9%
128 1,75 1963 Deutschland Georg Knöpfle
4%
102 1,78 1982 Deutschland Helmut Benthaus
4%
Keine übereinstimmenden Quizze gefunden
Verteilung der Resultate
Anzahl Personen mit jedem Resultat
Perzentil nach korrekt beantworteten Fragen
Ihre Resultats-Entwicklung
Sie haben dieses Quiz seit der letzten Aktualisierung nicht gespielt